000 01312cam a22003374a 4500
999 _c329143
_d329143
001 741814
003 ASAB
005 20170425114121.0
008 990524s2000 nyua b 001 0 eng
010 _a 99031648
020 _a0748407294 (alk. paper)
040 _aDLC
_cASAB
_dDLC
042 _apcc
050 0 0 _aTD192
_b.E584 2000
082 0 0 _a628.5
_221
245 0 0 _aEnvironmental biotechnology and cleaner bioprocesses /
_cedited by Eugenia J. Olguin, Gloria Sanchez, Elizabeth Hernandez.
260 _aNew York :
_bTaylor & Francis,
_cc2000.
300 _axx, 319 p. :
_bill. ;
_c26 cm.
504 _aIncludes bibliographical references and index.
650 0 _aBioremediation.
650 0 _aBiotechnology.
650 0 _aProduction management
_xEnvironmental aspects.
650 0 _aSustainable development.
700 1 _aOlguín, Eugenia.
700 1 _aSanchez, Gloria.
700 1 _aHernández Alvidrez, Elizabeth.
856 4 2 _3Publisher description
_uhttp://www.loc.gov/catdir/enhancements/fy0745/99031648-d.html
906 _a7
_bcbc
_corignew
_d1
_eocip
_f19
_gy-gencatlg
942 _2ddc
_cBK